Hottest Countries - Statistics

General Stats
  • This quiz has been taken 21 times
  • The average score is 5 of 10
Answer Stats
Fahrenheit Celsius Answer % Correct
84.6°F 29.2°C Mali
84%
84.0°F 28.9°C Mauritania
58%
84.7°F 29.3°C Burkina Faso
53%
84.4°F 29.1°C Qatar
53%
84.2°F 29.0°C Senegal
47%
83.3°F 28.5°C The Gambia
47%
82.6°F 28.1°C Maldives
37%
84.0°F 28.9°C United Arab Emirates
37%
82.6°F 28.1°C Benin
32%
83.5°F 28.6°C Djibouti
16%
No matching quizzes found
Score Distribution
Percent of People with Each Score
Percentile by Number Answered
Your Score History
You have not taken this quiz